Fighting corruption in East Asian : Solutions from the private sector
Guardado en:
| Autor principal: | |
|---|---|
| Formato: | Libro |
| Lenguaje: | Undetermined |
| Publicado: |
Washington, D. C.
The World Bank
2003
|
| Materias: | |
| Etiquetas: |
Agregar Etiqueta
Sin Etiquetas, Sea el primero en etiquetar este registro!
|
| Thư viện lưu trữ: | Trung tâm Học liệu Trường Đại học Cần Thơ |
|---|
| LEADER | 00602nam a2200205Ia 4500 | ||
|---|---|---|---|
| 001 | CTU_61646 | ||
| 008 | 210402s9999 xx 000 0 und d | ||
| 082 | |a 338.95 | ||
| 082 | |b A795 | ||
| 100 | |a Arvis, Jean-Francois | ||
| 245 | 0 | |a Fighting corruption in East Asian : | |
| 245 | 0 | |b Solutions from the private sector | |
| 245 | 0 | |c Jean-Francois Arvis and Ronald E. Berenbeim | |
| 260 | |a Washington, D. C. | ||
| 260 | |b The World Bank | ||
| 260 | |c 2003 | ||
| 650 | |a East asia | ||
| 650 | |x Economic conditions | ||
| 904 | |i Minh,Hải | ||
| 980 | |a Trung tâm Học liệu Trường Đại học Cần Thơ | ||